[Event "Sachsen-Anhalt Landesliga-A 1920"]
[Site "Sachsen Anhalt"]
[Date "2020.01.19"]
[Round "5.4"]
[White "Wiese, Tobias"]
[Black "Brekenkamp, Juergen"]
[Result "1/2-1/2"]
[WhiteElo "1605"]
[BlackElo "1684"]
[PlyCount "28"]
[EventDate "2019.09.29"]
[EventType "team-tourn"]
[EventRounds "9"]
[EventCountry "GER"]
[SourceTitle "EXT 2023"]
[Source "ChessBase"]
[SourceDate "2022.10.05"]
[SourceVersion "1"]
[SourceVersionDate "2022.10.05"]
[SourceQuality "1"]
[WhiteTeam "Magdeburg USC III"]
[BlackTeam "Tangerhuette Eintracht"]
[WhiteTeamCountry "GER"]
[BlackTeamCountry "GER"]

1. d4 Nf6 2. Nf3 c5 3. d5 e6 4. dxe6 fxe6 5. Bg5 d5 6. e3 Be7 7. c4 Nc6 8. Nc3 d4 9. exd4 cxd4 10. Nb5 e5 11. Be2 a6 12. Na3 0-0 13. Nb1 Bf5 14. Qb3 Qd7 1/2-1/2

[Event "Sachsen-Anhalt Landesliga-A 1920"]
[Site "Sachsen Anhalt"]
[Date "2019.09.29"]
[Round "1.7"]
[White "Wiese, Tobias"]
[Black "Weber, Henry"]
[Result "1-0"]
[WhiteElo "1605"]
[BlackElo "1752"]
[PlyCount "119"]
[EventDate "2019.09.29"]
[EventType "team-tourn"]
[EventRounds "9"]
[EventCountry "GER"]
[SourceTitle "EXT 2023"]
[Source "ChessBase"]
[SourceDate "2022.10.05"]
[SourceVersion "1"]
[SourceVersionDate "2022.10.05"]
[SourceQuality "1"]
[WhiteTeam "Magdeburg USC III"]
[BlackTeam "Magdeburg USC II"]
[WhiteTeamCountry "GER"]
[BlackTeamCountry "GER"]

1. d4 Nf6 2. Nf3 d5 3. c4 c6 4. e3 e6 5. Bd3 Nbd7 6. 0-0 Bd6 7. c5 Be7 8. b4 Ne4 9. Bb2 0-0 10. Qc2 f5 11. Nfd2 Bg5 12. Bxe4 fxe4 13. Nc3 Nf6 14. Rae1 Qe8 15. f3 Qh5 16. Bc1 Bd7 17. fxe4 Ng4 18. Nf3 Bh6 19. e5 Bg5 20. h3 Nh6 21. g4 Qxh3 22. Nxg5 Qxg4+ 23. Qg2 Qxg2+ 24. Kxg2 Nf5 25. Ne2 a5 26. bxa5 h6 27. Nf3 g5 28. Bd2 Be8 29. Ng3 Bg6 30. Rb1 Rf7 31. Rh1 Kg7 32. Rb2 Raf8 33. Rf1 Nh4+ 34. Nxh4 gxh4 35. Rxf7+ Rxf7 36. Ne2 Be4+ 37. Kh3 Kg6 38. Nf4+ Kg5 39. Nxe6+ Kh5 40. Nf4+ Kg5 41. Be1 Bf5+ 42. Kh2 Be4 43. Rb6 Kg4 44. a6 bxa6 45. Rxa6 Rb7 46. Rb6 Ra7 47. Rb2 Kf3 48. Bd2 h3 49. Nxh3 Bf5 50. Nf4 Ra8 51. Bc1 h5 52. a3 h4 53. Ra2 Rb8 54. Rb2 Ra8 55. Rg2 Ra4 56. e6 Rc4 57. e7 Bd7 58. Bd2 Rc2 59. Ne6 h3 60. Ng5# 1-0

[Event "Magdeburg op-A"]
[Site "Magdeburg"]
[Date "2014.06.14"]
[Round "9"]
[White "Wiese, Tobias"]
[Black "Bossert, Felix"]
[Result "1-0"]
[WhiteElo "1548"]
[BlackElo "1465"]
[PlyCount "35"]
[EventDate "2014.06.08"]
[EventType "swiss"]
[EventRounds "9"]
[EventCountry "GER"]
[SourceTitle "CBM 160 Extra"]
[Source "ChessBase"]
[SourceDate "2014.07.01"]
[SourceVersion "1"]
[SourceVersionDate "2014.07.01"]
[SourceQuality "1"]

1. d4 d5 2. c4 c6 3. Nc3 Nf6 4. Nf3 e6 5. Bg5 Nbd7 6. e3 h6 7. Bh4 Be7 8. Bd3 Qc7 9. Qc2 dxc4 10. Bxc4 e5 11. 0-0 0-0 12. Rac1 exd4 13. Nxd4 Ng4 14. Bg3 Qa5 15. Qe4 Nde5 16. Nb3 Qc7 17. h3 Nf6 18. Qxe5 1-0

[Event "Magdeburg op-A"]
[Site "Magdeburg"]
[Date "2014.06.11"]
[Round "6"]
[White "Wiese, Tobias"]
[Black "Nahnsen, Kenneth"]
[Result "0-1"]
[WhiteElo "1548"]
[BlackElo "1754"]
[PlyCount "118"]
[EventDate "2014.06.08"]
[EventType "swiss"]
[EventRounds "9"]
[EventCountry "GER"]
[SourceTitle "CBM 160 Extra"]
[Source "ChessBase"]
[SourceDate "2014.07.01"]
[SourceVersion "1"]
[SourceVersionDate "2014.07.01"]
[SourceQuality "1"]

1. d4 Nf6 2. c4 c5 3. d5 b5 4. Qc2 d6 5. e4 e6 6. b3 exd5 7. cxd5 a6 8. Bd3 g6 9. Bb2 Bg7 10. Nf3 0-0 11. 0-0 Bg4 12. Nbd2 Re8 13. Rfe1 Nbd7 14. a4 Qb6 15. h3 Bxf3 16. Nxf3 Rab8 17. Rab1 Re7 18. Qe2 Nxd5 19. Bxg7 Nf4 20. Qd2 Nxd3 21. Qxd3 Kxg7 22. Rbd1 Ne5 23. Qxd6 Nxf3+ 24. gxf3 Re6 25. Qd3 bxa4 26. bxa4 Qb3 27. Qe3 Qxe3 28. Rxe3 Rb4 29. Ra3 Rc4 30. Kg2 a5 31. Raa1 Rb6 32. e5 Rbb4 33. Rd7 Rb6 34. Ra7 Re6 35. Rxa5 Rxe5 36. Ra8 Re2 37. a5 Rcc2 38. Rf1 Ra2 39. a6 c4 40. Rc8 Rec2 41. Rc6 Kh6 42. Kg3 Rc3 43. Re1 Rca3 44. Rxc4 Rxa6 45. Re7 Rf6 46. Rcc7 Kg7 47. Kg2 Ra3 48. Re3 Ra5 49. Rc4 Ra1 50. Rg4 Rd6 51. Kg3 Rg1+ 52. Kf4 Rf6+ 53. Ke4 Rd1 54. Rg5 h6 55. Rd5 Rxd5 56. Kxd5 Rf4 57. Ke5 g5 58. Rc3 Kg6 59. Rc6+ f6+ 0-1

[Event "GER-chT North U16"]
[Site "Greifswald"]
[Date "2013.09.14"]
[Round "5.4"]
[White "Oleskow, Jan Christian"]
[Black "Wiese, Tobias"]
[Result "1-0"]
[WhiteElo "1385"]
[BlackElo "1314"]
[PlyCount "91"]
[EventDate "2013.09.12"]
[EventType "team-swiss"]
[EventRounds "7"]
[EventCountry "GER"]
[SourceTitle "EXT 2014"]
[Source "ChessBase"]
[SourceDate "2013.11.20"]
[SourceVersion "1"]
[SourceVersionDate "2013.11.20"]
[SourceQuality "1"]
[WhiteTeam "Bremen Ost"]
[BlackTeam "Magdeburg USC"]
[WhiteTeamCountry "GER"]
[BlackTeamCountry "GER"]

1. e4 e6 2. d4 d5 3. e5 c5 4. c3 Nc6 5. Nf3 Qb6 6. a3 a5 7. Bd3 Bd7 8. Bc2 f6 9. Ba4 fxe5 10. Bxc6 Bxc6 11. dxe5 Ne7 12. 0-0 Nf5 13. Ng5 Bb5 14. Re1 g6 15. Qg4 h5 16. Qd1 d4 17. Ne4 Bg7 18. Ng3 Nxg3 19. fxg3 0-0 20. Bf4 dxc3 21. Nxc3 Ba6 22. Qd6 Qxd6 23. exd6 Kf7 24. Rad1 Rad8 25. Rd2 Rd7 26. Ne4 Bd4+ 27. Be3 Bxe3+ 28. Rxe3 Kg7 29. Rf3 Rxf3 30. gxf3 b6 31. Kf2 Bb7 32. Nc3 Bc6 33. Ke3 Kf6 34. Ne4+ Bxe4 35. Kxe4 g5 36. f4 gxf4 37. Kxf4 e5+ 38. Ke4 Ke6 39. Rd5 c4 40. Rxe5+ Kxd6 41. Rd5+ Kc6 42. Rxd7 Kxd7 43. Kd4 b5 44. Kc5 Ke6 45. Kxb5 Kf5 46. h3 1-0

[Event "GER-chT North U16"]
[Site "Greifswald"]
[Date "2013.09.13"]
[Round "3.4"]
[White "Zur Nieden, Philipp"]
[Black "Wiese, Tobias"]
[Result "1-0"]
[WhiteElo "1278"]
[BlackElo "1314"]
[PlyCount "79"]
[EventDate "2013.09.12"]
[EventType "team-swiss"]
[EventRounds "7"]
[EventCountry "GER"]
[SourceTitle "EXT 2014"]
[Source "ChessBase"]
[SourceDate "2013.11.20"]
[SourceVersion "1"]
[SourceVersionDate "2013.11.20"]
[SourceQuality "1"]
[WhiteTeam "Halle"]
[BlackTeam "Magdeburg USC"]
[WhiteTeamCountry "GER"]
[BlackTeamCountry "GER"]

1. e4 e6 2. d4 d5 3. exd5 exd5 4. Nf3 Bd6 5. Bd3 Ne7 6. 0-0 0-0 7. Bg5 c5 8. c3 Nbc6 9. Nbd2 Qb6 10. dxc5 Bxc5 11. Qc2 Ng6 12. Nb3 Re8 13. Nxc5 Qxc5 14. Rfe1 Bd7 15. Re3 Bg4 16. Rae1 Rxe3 17. Rxe3 Bxf3 18. Rxf3 Nce5 19. Rh3 Nxd3 20. Rxd3 Re8 21. Be3 Nh4 22. h3 Qd6 23. Qd1 Qg6 24. g3 Nf5 25. Bf4 Ne7 26. Rd4 Qf5 27. h4 h6 28. Bd6 Qe6 29. Bxe7 Qxe7 30. Kf1 g5 31. hxg5 hxg5 32. Rxd5 Kg7 33. Qd2 Kg6 34. f4 Qe4 35. Rxg5+ Kf6 36. Qd4+ Qxd4 37. cxd4 Re4 38. d5 Rd4 39. Ke2 b6 40. Ke3 1-0